000 00745nam a22002292 4500
001 0000023275
005 20151217152239.0
008 121019s xx 000 0 eng d
020 _a0255364288 :
040 _aKABU
_cKABU
100 1 _aBordo, Michael.
_@0000182636
245 1 0 _aLessons for EMU from the history of monetary unions /
_cMichael Bordo and Lars Jonung.
250 _a1st ed.
260 _aLondon :
_bIEA,
_c2000.
300 _axi, 72 p.
650 0 _aMonetary unions
_xHistory.
_@0000182637
650 0 _aMonetary unions
_zEuropean Union countries.
_@0000182638
650 0 _aEconomic and monetary unions.
_@0000182639
852 1 _9p300 KES
908 _a121019
950 _@1
999 _c9774
_d9774